Autechre Discography - Statistics

General Stats
  • This quiz has been taken 64 times
    54 since last reset
  • The average score is 18 of 32
Answer Stats
Type Year Name % Correct
Album 1994 Amber
90%
Album 1998 LP5
90%
Album 1995 tri repetae.
86%
Album 2001 Confield
83%
Album 1993 (Incunabula)
83%
Album 2020 SIGN
76%
Album 2005 Untilted
76%
Album 1997 Chiastic Slide
72%
EP 1995 Garbage
72%
Album 2020 PLUS
72%
Album 2008 Quaristice
72%
Album 2013 Exai
69%
Album 2018 NTS Sessions
69%
EP 1999 EP7
66%
Album 2003 Draft 7.30
62%
Album 2010 Oversteps
62%
EP 1997 Envane
59%
Album 2016 elseq 1–5
55%
EP 2002 Gantz Graf
52%
Live Album 2015 AE_LIVE
48%
EP 1997 Cichlisuite
45%
EP 2010 Move of Ten
41%
EP 1994 Anti EP
34%
EP 1991 Lego Feet
34%
EP 2013 L-event
34%
EP 1999 Peel Session
34%
EP 2000 Peel Session 2
31%
EP 1991 Cavity Job
28%
Compilation 2011 EPs 1991–2002
28%
EP 2008 Quaristice.Quadrange.ep.ae
28%
EP 1995 Anvil Vampre
7%
Compilation 2019 Warp Tapes 89-93
7%
No matching quizzes found
Score Distribution
Percent of People with Each Score
Percentile by Number Answered
Your Score History
You have not taken this quiz since the last reset